Every England Debutant Since 1990 - Statistics

General Stats
  • This quiz has been taken 104 times
  • The average score is 156 of 253
Answer Stats
% Correct
1997 Liverpool GK 26 David James 53
97%
2020 Chelsea RB 20 Reece James 16
97%
2015 Tottenham Hotspur ST 21 Harry Kane 84 58
95%
1996 Tottenham Hotspur GK 24 Ian Walker 4
95%
2015 Leicester City ST 28 Jamie Vardy 26 7
95%
2011 Tottenham Hotspur RB 21 Kyle Walker 76
95%
1995 Nottingham Forest RM 24 Steve Stone 9 2
95%
2018 Liverpool RB 19 Trent Alexander-Arnold 20 2
95%
1995 Manchester United ST 23 Andy Cole 15 1
93%
2001 Arsenal LB 20 Ashley Cole 107
93%
2009 West Ham United ST 25 Carlton Cole 7
93%
2020 Manchester United GK 23 Dean Henderson 1
93%
2001 West Ham United AM 19 Joe Cole 56 10
93%
2010 Sunderland CM 20 Jordan Henderson 77 3
93%
2017 Everton GK 23 Jordan Pickford 54
93%
2020 Borussia Dortmund CM 17 Jude Bellingham 24 1
93%
2016 Manchester United LW 18 Marcus Rashford 53 16
93%
2020 Aston Villa LW 24 Jack Grealish 32 2
92%
2014 Everton CB 20 John Stones 67 3
92%
2020 Manchester City LW 20 Phil Foden 25 3
92%
2020 Arsenal RW 19 Bukayo Saka 28 11
90%
2019 West Ham United DM 20 Declan Rice 43 3
90%
1999 West Ham United CM 21 Frank Lampard 106 29
90%
2018 Borussia Dortmund LW 18 Jadon Sancho 23 3
90%
2003 Chelsea CB 22 John Terry 78 6
90%
1993 Queens Park Rangers ST 26 Les Ferdinand 17 5
90%
2012 Liverpool LW 17 Raheem Sterling 82 20
90%
2000 Liverpool CM 20 Steven Gerrard 114 21
90%
2021 Arsenal GK 23 Aaron Ramsdale 3
88%
2011 Chelsea ST 22 Daniel Sturridge 26 8
88%
1996 Manchester United RM 21 David Beckham 115 17
88%
2015 Tottenham Hotspur AM 19 Dele Alli 37 3
88%
2017 Leicester City CB 24 Harry Maguire 57 7
88%
2019 Chelsea AM 20 Mason Mount 36 5
88%
2011 Manchester United CB 19 Phil Jones 27
88%
1997 West Ham United CB 19 Rio Ferdinand 81 3
88%
1992 Liverpool RB 20 Rob Jones 8
88%
2006 Arsenal RW 17 Theo Walcott 47 8
88%
2003 Everton ST 17 Wayne Rooney 120 53
88%
2010 Manchester City RW 22 Adam Johnson 12 2
87%
2005 Crystal Palace ST 24 Andy Johnson 8
87%
2015 Tottenham Hotspur CB 21 Eric Dier 49 3
87%
2003 Chelsea RB 19 Glen Johnson 54 1
87%
2014 Southampton LB 18 Luke Shaw 31 3
87%
1996 Manchester United RB 19 Phil Neville 59
87%
2000 Derby County CM 21 Seth Johnson 1
87%
2004 Manchester City RW 22 Shaun Wright-Phillips 36 6
87%
2013 Celtic GK 25 Fraser Forster 6
85%
1995 Manchester United RB 20 Gary Neville 85
85%
2004 Tottenham Hotspur ST 21 Jermain Defoe 57 20
85%
2017 Liverpool CB 20 Joe Gomez 11
85%
2008 Manchester City GK 21 Joe Hart 75
85%
2020 Leeds United DM 24 Kalvin Phillips 27 1
85%
1999 Sunderland ST 25 Kevin Phillips 8
85%
2018 Burnley GK 26 Nick Pope 10
85%
2005 Norwich City GK 25 Rob Green 12
85%
1992 Southampton ST 21 Alan Shearer 63 30
83%
2001 Leeds United CM 20 Alan Smith 19 1
83%
2021 Brighton & Hove Albion RB 23 Ben White 4
83%
2016 Tottenham Hotspur LB 25 Danny Rose 29
83%
1992 Manchester City RW 24 David White 1
83%
2019 Leicester City AM 22 James Maddison 3
83%
2009 Aston Villa CM 23 James Milner 61 1
83%
2017 Tottenham Hotspur RB 26 Kieran Trippier 42 1
83%
2005 Southampton ST 24 Peter Crouch 42 22
83%
2018 Leicester City LB 21 Ben Chilwell 18 1
82%
2022 West Ham United RW 25 Jarrod Bowen 4
82%
1998 Liverpool ST 18 Michael Owen 89 40
82%
1997 Manchester United CM 22 Paul Scholes 66 14
82%
2016 Leicester City CM 26 Danny Drinkwater 3
80%
2010 Bolton Wanderers CB 24 Gary Cahill 61 5
80%
2016 Manchester United AM 23 Jesse Lingard 32 6
80%
2021 Aston Villa ST 25 Ollie Watkins 7 2
80%
2019 Aston Villa CB 26 Tyrone Mings 18 2
80%
1991 Crystal Palace ST 27 Ian Wright 33 9
78%
2023 Brentford ST 27 Ivan Toney 1
78%
2022 Crystal Palace CB 21 Marc Guehi 4
78%
2000 Ipswich Town GK 22 Richard Wright 2
78%
2013 Southampton AM 25 Adam Lallana 34 3
77%
2012 Arsenal CM 18 Alex Oxlade-Chamberlain 35 7
77%
2007 Watford GK 23 Ben Foster 8
77%
2018 Bournemouth ST 26 Callum Wilson 8 2
77%
2020 Wolverhampton Wanderers CB 27 Conor Coady 10 1
77%
2020 Everton ST 23 Dominic Calvert-Lewin 11 4
77%
2021 Arsenal AM 21 Emile Smith Rowe 3 1
77%
2002 Tottenham Hotspur CB 21 Ledley King 21 2
77%
2017 Burnley CB 24 Micheal Keane 12 1
77%
2019 Chelsea LW 18 Callum Hudson-Odoi 3
75%
2001 Bayern Munich DM 20 Owen Hargreaves 42
75%
1996 Liverpool ST 20 Robbie Fowler 26 7
75%
2012 Sunderland ST 24 Fraizer Campbell 1
73%
2000 Aston Villa DM 19 Gareth Barry 53 3
73%
2010 Arsenal CM 18 Jack Wilshere 34 2
73%
2010 Everton LB 25 Leighton Baines 30 1
73%
2001 West Ham United DM 19 Michael Carrick 34
73%
2008 Everton CB 25 Phil Jagielka 40 3
73%
1996 Tottenham Hotspur CB 21 Sol Campbell 73 1
73%
2007 Aston Villa LB 22 Ashley Young 39 7
72%
2021 Crystal Palace CM 21 Conor Gallagher 7
72%
2006 Charlton Athletic ST 22 Darren Bent 12 4
72%
2023 Crystal Palace AM 24 Eberechi Eze 1
72%
1999 Leicester City ST 21 Emile Heskey 62 7
72%
2018 Burnley CB 25 James Tarkowski 2
72%
1999 Liverpool CB 21 Jamie Carragher 38
72%
2005 Charlton Athletic RB 25 Luke Young 7
72%
2020 Manchester United RW 18 Mason Greenwood 1
72%
2021 Leeds United ST 28 Patrick Bamford 1
72%
2021 West Bromwich Albion GK 28 Sam Johnstone 3
72%
1993 Tottenham Hotspur ST 27 Teddy Sheringham 51 11
72%
1999 Manchester United CB 19 Wes Brown 23 1
72%
2011 Manchester United CB 21 Chris Smalling 31 1
70%
2015 Liverpool ST 23 Danny Ings 3 1
70%
2017 Tottenham Hotspur DM 21 Harry Winks 10 1
70%
2017 Southampton CM 22 James Ward-Prowse 11 2
70%
2022 Southampton RB 24 Kyle Walker-Peters 2
70%
2006 Manchester City RB 18 Micah Richards 13 1
70%
2014 Southampton RB 23 Nathaniel Clyne 14
70%
2010 Newcastle United ST 21 Andy Carroll 9 2
68%
2013 Southampton ST 31 Rickie Lambert 11 3
68%
2006 Tottenham Hotspur RW 19 Aaron Lennon 21
67%
2011 Sunderland ST 20 Danny Welbeck 42 16
67%
2010 Arsenal LB 20 Kieran Gibbs 10
67%
2003 Leeds United GK 23 Paul Robinson 41
67%
2012 Manchester United CM 23 Tom Cleverley 13
67%
2016 Burnley GK 30 Tom Heaton 3
67%
2016 West Ham United LB 26 Aaron Cresswell 3
65%
2019 Chelsea CB 21 Fikayo Tomori 3
65%
2020 Leicester City LW 22 Harvey Barnes 1
65%
2018 Brighton & Hove Albion CB 26 Lewis Dunk 1
65%
1997 Manchester United CM 22 Nicky Butt 39
65%
2005 Middlesbrough LW 20 Stewart Downing 35
65%
2017 Liverpool ST 20 Dominic Solanke 1
63%
2012 Birmingham City GK 19 Jack Butland 9
63%
2010 Bolton Wanderers ST 33 Kevin Davies 1
63%
1990 Arsenal RB 26 Lee Dixon 28 2
63%
2013 Everton CM 19 Ross Barkley 33 6
63%
2003 Charlton Athletic CM 23 Scott Parker 18
63%
1994 Liverpool RM 22 Steve McManaman 37 3
63%
1992 Manchester United DM 24 Paul Ince 52 2
62%
2012 Crystal Palace LW 20 Wilfried Zaha 2
62%
2020 Arsenal CM 23 Ainsley Maitland-Niles 5
60%
2018 Bournemouth CM 21 Lewis Cook 1
60%
2017 Crystal Palace CM 21 Ruben Loftus-Cheek 10
60%
2012 Chelsea LB 23 Ryan Bertrand 19 1
60%
2012 Stoke City CB 25 Ryan Shawcross 1
58%
2022 Crystal Palace LB 22 Tyrick Mitchell 2
58%
1995 Aston Villa CB 25 Gareth Southgate 57 2
57%
2022 Leicester City RB 24 James Justin 1
57%
2007 Everton CB 25 Joleon Lescott 26 1
57%
2010 Tottenham Hotspur CB 26 Michael Dawson 4
57%
2013 Tottenham Hotspur RW 22 Andros Townsend 13 3
55%
2014 Arsenal RB 19 Calum Chambers 3
55%
2014 Aston Villa CM 24 Fabian Delph 20
55%
2008 Aston Villa ST 22 Gabriel Agbonlahor 3
55%
2002 Southampton LB 21 Wayne Bridge 36 1
55%
1997 Blackburn Rovers ST 24 Chris Sutton 1
53%
1999 Arsenal RM 26 Ray Parlour 10
53%
2018 Southampton GK 28 Alex McCarthy 1
52%
2021 Everton CB 23 Ben Godfrey 2
52%
1994 Aston Villa CM 31 Kevin Richardson 1
52%
2005 West Bromwich Albion LB 20 Kieran Richardson 8 2
52%
1994 Newcastle United CM 28 Rob Lee 20 2
52%
2015 Tottenham Hotspur CM 23 Ryan Mason 1
52%
2017 Swansea City ST 20 Tammy Abraham 11 3
52%
2012 Arsenal RB 20 Carl Jenkinson 1
50%
1992 Sheffield Wednesday DM 26 Carlton Palmer 18 1
50%
1998 Coventry City ST 28 Dion Dublin 4
50%
2014 Liverpool RB 21 Jon Flanagan 1
50%
1992 Everton CB 25 Martin Keown 43 2
50%
1994 Southampton AM 25 Matt Le Tissier 8
50%
1991 Chelsea CM 24 Dennis Wise 22 2
48%
2003 Birmingham City CB 24 Matthew Upson 21 2
48%
1994 Tottenham Hotspur RM 22 Darren Anderton 30 7
47%
2017 Burnley DM 28 Jack Cork 1
47%
1999 Newcastle United RM 20 Kieron Dyer 33
47%
2018 Watford DM 23 Nathaniel Chalobah 1
47%
2017 Southampton RW 23 Nathan Redmond 1
47%
1991 Arsenal RM 23 Paul Merson 21 3
47%
1999 Leeds United CB 19 Jonathan Woodgate 8
45%
2012 Everton CM 31 Leon Osman 2
45%
2007 Aston Villa GK 22 Scott Carson 4
45%
2010 Fulham ST 29 Bobby Zamora 2
43%
2006 Wigan Athletic GK 25 Chris Kirkland 1
43%
1994 Blackburn Rovers LB 25 Graeme Le Saux 36 1
43%
2003 Newcastle United CM 19 Jermaine Jenas 21 1
43%
2002 Leeds United CM 25 Lee Bowyer 1
43%
2001 Liverpool CM 24 Danny Murphy 9 1
42%
2003 Arsenal ST 22 Francis Jeffers 1 1
42%
1995 Liverpool CM 22 Jamie Redknapp 17 1
42%
2007 Manchester City CM 24 Joey Barton 1
42%
2012 Norwich City GK 25 John Ruddy 1
42%
2012 Liverpool CM 20 Jonjo Shelvey 6
42%
1991 Manchester United LM 19 Lee Sharpe 9
42%
2012 Liverpool RB 22 Martin Kelly 1
42%
1999 Tottenham Hotspur CM 30 Tim Sherwood 3
42%
1995 Wimbledon RB 25 Warren Barton 3
42%
1991 Leeds United DM 22 David Batty 42
40%
2007 Blackburn Rovers RM 23 David Bentley 7
40%
2007 Preston North End ST 21 David Nugent 1 1
40%
1991 Crystal Palace CM 26 Geoff Thomas 9
40%
2012 Tottenham Hotspur DM 22 Jake Livermore 7
40%
1999 Sunderland LB 24 Michael Gray 3
40%
1995 Nottingham Forest ST 24 Stan Collymore 3
40%
1993 Southampton GK 26 Tim Flowers 11
40%
2009 Tottenham Hotspur DM 22 Tom Huddlestone 4
40%
2001 West Ham United LW 28 Trevor Sinclair 12
40%
1991 Crystal Palace CM 27 Andy Gray 2
38%
2001 Leeds United RB 24 Danny Mills 19
38%
2002 Aston Villa ST 21 Darius Vassell 22 6
38%
2003 Southampton ST 24 James Beattie 5
38%
1992 Crystal Palace GK 25 Nigel Martyn 23
38%
2004 Celtic LM 30 Alan Thompson 1
37%
2011 Wolverhampton Wanderers LW 24 Matt Jarvis 1
37%
2011 Everton CB 20 Jack Rodwell 3
35%
2013 Southampton ST 24 Jay Rodriguez 1
35%
2003 Charlton Athletic LB 21 Paul Konchesky 2
35%
2008 Blackburn Rovers LB 26 Stephen Warnock 2
35%
2002 Blackburn Rovers AM 22 David Dunn 1
33%
2007 Reading LB 26 Nicky Shorey 2
33%
2012 Tottenham Hotspur CB 20 Steven Caulker 1 1
33%
2008 West Ham United ST 24 Dean Ashton 1
32%
2004 Tottenham Hotspur CB 23 Anthony Gardner 1
30%
2001 Everton LB 21 Michael Ball 1
30%
1995 Tottenham Hotspur LM 21 Nick Barmby 23 4
30%
1994 Arsenal CB 31 Steve Bould 2
30%
2005 Fulham CB 25 Zat Knight 2
30%
1991 Sheffield United ST 23 Brian Deane 3
28%
2001 Charlton Athletic LB 31 Chris Powell 5
28%
1995 Liverpool CB 28 John Scales 3
28%
1994 Liverpool CB 26 Neil Ruddock 1
28%
1992 Queens Park Rangers RB 27 David Bardsley 2
27%
2010 Cardiff City ST 28 Jay Bothroyd 1
27%
1991 Tottenham Hotspur DM 26 Paul Stewart 3
27%
1991 Aston Villa RW 24 Tony Daley 8
27%
1991 Nottingham Forest RB 21 Gary Charles 2
25%
2001 Sunderland CM 23 Gavin McCann 1
25%
1996 Blackburn Rovers LW 24 Jason Wilcox 3
25%
2002 Bolton Wanderers ST 23 Michael Ricketts 1
25%
1991 Queens Park Rangers LM 25 Andy Sinton 13
23%
1995 Everton LB 21 David Unsworth 1
23%
1991 Crystal Palace LM 22 John Salako 5
23%
1994 Newcastle United CB 23 Steve Howey 4
23%
1996 Aston Villa CB 23 Ugo Ehiogu 4 1
23%
1991 Sheffield Wednesday ST 23 David Hirst 3 1
22%
1992 Manchester City CB 28 Keith Curle 3
22%
1993 Blackburn Rovers RW 25 Stuart Ripley 2
22%
1996 Everton LB 27 Andy Hinchcliffe 7
20%
1991 Rangers LM 27 Mark Walters 1
20%
1995 Nottingham Forest LB 28 Colin Cooper 2
18%
1998 Aston Villa CM 21 Lee Hendrie 1
18%
1999 Leicester City LW 30 Steve Guppy 1
18%
1994 Newcastle United RB 30 Barry Venison 2
15%
1991 Oldham Athletic RB 24 Earl Barrett 3
15%
No matching quizzes found
Score Distribution
Percent of People with Each Score
Percentile by Number Answered
Your Score History
You have not taken this quiz